000 00343nam a22001337a 4500
005 20260121110114.0
008 260121b |||||||| |||| 00| 0 eng d
100 _aZakir Hussain
245 _aCompetitive Analysis of ITC PCP and Sales Enhancement
260 _aJammu
_bMIET
_c2024
300 _a60
650 _aManagement
942 _2ddc
_cTH
999 _c21782
_d21782